En procura de la paz. Tercer informe sobre las procuradurías de derechos humanos de Guatemala, El Salvador y Honduras

Guardat en:
Dades bibliogràfiques
Autor principal: Quesada, Carlos
Autor corporatiu: CODEHUCA
Format: Text
Publicat: San José: CODEHUCA
Etiquetes: Afegir etiqueta
Sense etiquetes, Sigues el primer a etiquetar aquest registre!

MARC

LEADER 00000 a a2200000 04500
001 22608
003
040
020 |a 9968-722-10-3  
090 |a 154300  
100 |a Quesada, Carlos  
110 |a CODEHUCA  
245 |a En procura de la paz. Tercer informe sobre las procuradurías de derechos humanos de Guatemala, El Salvador y Honduras  
260 |a San José:   |b CODEHUCA  
300 |a 27 p.  
999 |c 6411  |d 6411